|
|
|
|
| LEADER |
00000nab a2200000 ar4500 |
| 001 |
vtls008851226 |
| 003 |
SK-MaSNL |
| 005 |
20260304031741.0 |
| 008 |
061002c20040831xo dr|n|||||||000 b|slo |
| 015 |
|
|
|a SLLK2004
|2 sllk
|
| 038 |
|
|
|a SLLK
|
| 040 |
|
|
|a SLLK
|b slo
|c sllk
|e AACR2
|
| 041 |
0 |
|
|a slo
|
| 044 |
|
|
|a xo
|c SK
|
| 080 |
|
|
|a 791.44.071.5
|2 1997
|
| 100 |
1 |
|
|a Brezinová, Michaela
|4 aut
|4 pht
|9 669983
|
| 245 |
1 |
0 |
|a Budúci kameraman Slavo Hutník sa pred objektívom necíti dobre
|b technické umenie
|c Michaela Brezinová ; foto: autorka, archív S. Hutníka
|
| 300 |
|
|
|b Fotogr.
|
| 600 |
1 |
7 |
|a Hutník, Slavomír
|2 snkbucl
|9 1058466
|
| 650 |
0 |
7 |
|a kameramani
|2 snkbucl
|9 75575
|
| 651 |
|
7 |
|a Stará Ľubovňa (Slovensko)
|2 snkbucl
|9 19193
|
| 773 |
0 |
|
|t Tatranský denník Korzár
|g Roč. VI, č. 202 (31. 8.2004)
|x 1335-7573
|
| 773 |
0 |
|
|i Pril.
|t Spiš
|g s. III
|
| 852 |
|
|
|a SLLK
|b KIS3GCP
|
| 999 |
|
|
|c 2639712
|d 2641642
|